Zur ethik und erkenntnislehre / (Record no. 139551)

MARC details
000 -LEADER
campo de control de longitud fija 00513nam a2200181 4500
001 - NÚMERO DE CONTROL
campo de control 139551
003 - IDENTIFICADOR DE NÚMERO DE CONTROL
campo de control ES-MaACL
007 - CAMPO FIJO DE DESCRIPCIÓN FÍSICA--INFORMACIÓN GENERAL
campo de control de longitud fija t|
008 - DATOS DE LONGITUD FIJA--INFORMACIÓN GENERAL
campo de control de longitud fija 070214s1933 gw r ||||1| ger d
100 1# - ENTRADA PRINCIPAL--NOMBRE DE PERSONA
Nombre de persona Scheler, Max.
9 (RLIN) 104283
245 10 - MENCIÓN DEL TÍTULO
Título Zur ethik und erkenntnislehre /
Mención de responsabilidad, etc. Max Scheler.
260 ## - PUBLICACIÓN, DISTRIBUCIÓN, ETC.
Lugar de publicación, distribución, etc. Berlin :
Nombre del editor, distribuidor, etc. Der Neue Geist,
Fecha de publicación, distribución, etc. 1933.
300 ## - DESCRIPCIÓN FÍSICA
Extensión VIII, 468 p. ;
Dimensiones 25 cm.
490 1# - MENCIÓN DE SERIE
Mención de serie Schriften aus dem Nachlass
830 0# - PUNTO DE ACCESO ADICIONAL DE SERIE-TÍTULO UNIFORME
Título uniforme Schriften aus dem Nachlass
9 (RLIN) 220239
852 ## - LOCALIZACIÓN
Ubicación ES-MaACL
Número de control de estantería C-7525
Holdings
Estatus retirado Estado de pérdida Estado de daño No para préstamo Biblioteca de origen Biblioteca actual Ubicación en estantería Fecha de adquisición Fuente de adquisición Total de préstamos Signatura topográfica completa Código de barras Visto por última vez Precio de reemplazo Tipo de ítem Koha
        Biblioteca del Ateneo de Madrid Biblioteca del Ateneo de Madrid Sala Palomar 17/01/2008     C-7525 1145224 23/02/2023 23/02/2023 Libro impreso